00371nam a2200085Ia 4500008004100000245012400041260000900165300008600174650002500260180130s9999 xx 000 0 und d cJover, Roger Piqueras; Lackey, Joshua; Raghavan, ArvindaEnhancing the security of LTE networks against jamming attacks c2016 aBook title: Handbook of information security--Acession number C20533; pages 86-99 aINFORMATION SECURITY